[Event "NW Regional Scholastic Championships"]
[Site "Chess.com"]
[Date "2020.05.16"]
[Round "?"]
[White "LakeShaya"]
[Black "ChessMasterGS"]
[Result "0-1"]
[WhiteElo "1095"]
[BlackElo "1358"]
[PlyCount "126"]
[EventDate "2020.??.??"]

1. Nf3 c5 2. e4 Nc6 3. Nc3 e6 4. Bb5 Be7 5. Bxc6 bxc6 6. d3 Nf6 7. O-O d5 8.
exd5 Nxd5 9. Nxd5 cxd5 10. b3 Bb7 11. Bb2 Bf6 12. Bxf6 Qxf6 13. Re1 h5 14. h4
d4 15. Qd2 Rh6 16. Qg5 Rg6 17. Qxf6 gxf6 18. Rac1 Bxf3 19. g3 f5 20. Re5 f4 21.
Kh2 O-O-O 22. Rxc5+ Kb7 23. gxf4 Rg2+ 24. Kh3 Rdg8 25. Rg5 R2xg5 26. fxg5 f6
27. Rg1 fxg5 28. hxg5 Bg4+ 29. Kh4 Kb6 30. Re1 Kb5 31. Re4 Rd8 32. g6 Bf5 33.
Re5+ Kc6 34. Kxh5 Kd7 35. Re1 Rg8 36. Rg1 Rh8+ 37. Kg5 Bxg6 38. Kxg6 Rg8+ 39.
Kf6 Rxg1 40. f4 Rf1 41. Ke5 Rf2 42. Kxd4 Rxc2 43. a4 a5 44. Ke5 Rc3 45. f5 exf5
46. Kxf5 Rxd3 47. Ke4 Rxb3 48. Kd4 Kc6 49. Kc4 Rb4+ 50. Kc3 Rxa4 51. Kb3 Kb5
52. Kb2 Rb4+ 53. Ka3 a4 54. Ka2 Rb3 55. Ka1 Kb4 56. Ka2 Kc3 57. Ka1 a3 58. Ka2
Rb7 59. Ka1 Kb3 60. Kb1 Re7 61. Kc1 a2 62. Kd2 a1=Q 63. Kd3 Qc3# 0-1

[Event "NW Regional Scholastic Championships"]
[Site "Chess.com"]
[Date "2020.05.16"]
[Round "?"]
[White "mbikdjbi9o"]
[Black "bigmable509"]
[Result "1-0"]
[WhiteElo "1542"]
[BlackElo "1489"]
[PlyCount "73"]
[EventDate "2020.??.??"]

1. d4 d5 2. c4 Nf6 3. cxd5 Nxd5 4. e4 Nf6 5. Nc3 e6 6. a3 Nbd7 7. Bf4 b6 8. Bc4
Bb7 9. f3 Be7 10. Nb5 c6 11. Nc7+ Kf8 12. Nxa8 Qxa8 13. Ne2 c5 14. O-O Qd8 15.
Qd2 cxd4 16. Bg3 a5 17. Nxd4 Bc5 18. Bf2 e5 19. Nf5 Bxf2+ 20. Rxf2 g6 21. Qd6+
Kg8 22. Ne7+ Kg7 23. Rd1 Re8 24. Nd5 Bxd5 25. Bxd5 Nxd5 26. Qxd5 Qc8 27. Qxd7
Qxd7 28. Rxd7 h5 29. Rc2 Kf8 30. Rcc7 Kg7 31. Rxf7+ Kh6 32. h4 Rh8 33. Kf2 g5
34. g3 gxh4 35. gxh4 Kg6 36. Rfd7 b5 37. Rc6# 1-0

[Event "NW Regional Scholastic Championships"]
[Site "Chess.com"]
[Date "2020.05.16"]
[Round "?"]
[White "mobister"]
[Black "bigmable509"]
[Result "1-0"]
[WhiteElo "1244"]
[BlackElo "1489"]
[PlyCount "111"]
[EventDate "2020.??.??"]

1. c4 e5 2. Nc3 Nc6 3. g3 Bb4 4. Bg2 Nf6 5. d3 O-O 6. Bd2 d6 7. Nf3 Rb8 8. O-O
Bf5 9. Qb3 Bc5 10. a3 a6 11. Qc2 Qd7 12. b4 Bd4 13. Rfb1 b5 14. cxb5 axb5 15.
a4 Ra8 16. a5 Nd5 17. Nxd5 Bxa1 18. Rxa1 Be6 19. Ne3 Ne7 20. Ng5 Ra7 21. Ne4
Rc8 22. Rc1 Nc6 23. Qxc6 Qxc6 24. Rxc6 Bd7 25. Rc1 h6 26. Nc3 c5 27. Ncd5 cxb4
28. Ne7+ Kf8 29. Nxc8 Bxc8 30. Rxc8+ Ke7 31. Bxb4 Kd7 32. Rb8 Ke6 33. Rxb5 Rc7
34. a6 Rc1+ 35. Bf1 Ra1 36. Ra5 Rb1 37. Bd2 Rb8 38. a7 Ra8 39. Bg2 Rc8 40. a8=Q
Rxa8 41. Rxa8 f5 42. Bd5+ Kf6 43. Nc4 g5 44. Ba5 g4 45. Re8 f4 46. Bd8+ Kg7 47.
Re6 Kf7 48. Nxd6+ Kg7 49. Rf6 Kh7 50. Nf5 fxg3 51. hxg3 e4 52. Bf7 exd3 53.
exd3 h5 54. Rg6 h4 55. Bf6 hxg3 56. Rh6# 1-0

[Event "NW Regional Scholastic Championships"]
[Site "Chess.com"]
[Date "2020.05.16"]
[Round "?"]
[White "ChecknMater"]
[Black "Varin_N"]
[Result "0-1"]
[WhiteElo "1000"]
[BlackElo "1220"]
[PlyCount "98"]
[EventDate "2020.??.??"]

1. d4 d5 2. Bf4 Nf6 3. Nc3 a6 4. Nf3 Bg4 5. h3 Bxf3 6. exf3 e6 7. Bd3 Bb4 8.
O-O Bxc3 9. bxc3 Nc6 10. Rb1 Rb8 11. Bg5 h6 12. Bf4 O-O 13. Be3 Qd6 14. f4 Qa3
15. Ra1 Qxc3 16. Rb1 Kh8 17. Rb3 Qa5 18. a3 b5 19. Bd2 Qb6 20. a4 b4 21. c3 a5
22. Be3 Qa7 23. Bb5 Nd8 24. Bd2 c6 25. Bd3 bxc3 26. Rxb8 Qxb8 27. Bxc3 Qa7 28.
Bb2 Nb7 29. Ba3 Re8 30. Bb2 Rc8 31. f5 Nd6 32. fxe6 fxe6 33. Be2 Nf5 34. Bg4
Nxg4 35. Qxg4 Rb8 36. Rb1 Nxd4 37. Qd1 Qb6 38. Qg4 c5 39. Qg3 Ne2+ 40. Kh2 Nxg3
41. fxg3 Kg8 42. h4 c4 43. Kh3 c3 44. Bxc3 Qxb1 45. Be5 Qf5+ 46. g4 Qxe5 47. g3
Rb3 48. Kh2 Qxg3+ 49. Kh1 Rb1# 0-1

[Event "NW Regional Scholastic Championships"]
[Site "Chess.com"]
[Date "2020.05.16"]
[Round "?"]
[White "ChecknMater"]
[Black "wang722598"]
[Result "0-1"]
[WhiteElo "1000"]
[BlackElo "1328"]
[PlyCount "152"]
[EventDate "2020.??.??"]

1. d4 Nf6 2. Nc3 e6 3. e4 Bb4 4. Bd3 Bxc3+ 5. bxc3 d6 6. Nf3 b6 7. O-O Bb7 8.
Qe2 Nbd7 9. Bg5 O-O 10. c4 Qe8 11. Bxf6 Nxf6 12. c3 e5 13. d5 c6 14. Ng5 cxd5
15. cxd5 Rc8 16. c4 h6 17. Nf3 Ba6 18. Rac1 Rc5 19. a4 Qxa4 20. Nd2 Rfc8 21.
Ra1 Qd7 22. Rxa6 Qb7 23. Raa1 a6 24. Nb3 R5c7 25. Rab1 b5 26. cxb5 axb5 27. h3
b4 28. Na5 Qb6 29. Nc6 Ra8 30. Rxb4 Qc5 31. Rc4 Qb6 32. Rb1 Qa6 33. Ne7+ Rxe7
34. Rcb4 Qc8 35. Ba6 Qc7 36. Rb7 Qd8 37. Bd3 Rxb7 38. Rxb7 Nd7 39. Qf3 f6 40.
Qg4 f5 41. Qxf5 Nf6 42. Qg6 Ra1+ 43. Kh2 Qf8 44. Be2 Re1 45. Bg4 Nxg4+ 46. Qxg4
Qf4+ 47. Qxf4 exf4 48. Rb4 Kf7 49. g3 fxg3+ 50. Kxg3 Kf6 51. Kf3 Ke5 52. Kg4
Rxe4+ 53. Rxe4+ Kxe4 54. Kh5 Kxd5 55. Kg6 Kc4 56. Kxg7 d5 57. Kxh6 d4 58. Kg6
d3 59. h4 d2 60. h5 d1=Q 61. h6 Qd3+ 62. Kf6 Qd6+ 63. Kg7 Kd5 64. h7 Qe7+ 65.
Kg6 Qe8+ 66. Kg7 Qe7+ 67. Kg6 Qf8 68. Kh5 Ke5 69. Kg6 Kf4 70. h8=Q Qxh8 71. Kf7
Qh6 72. Kg8 Qf6 73. Kh7 Qg5 74. Kh8 Kf5 75. Kh7 Kf6 76. Kh8 Qg7# 0-1

[Event "NW Regional Scholastic Championships"]
[Site "Chess.com"]
[Date "2020.05.16"]
[Round "?"]
[White "ChecknMater"]
[Black "ChessMasterGS"]
[Result "0-1"]
[WhiteElo "1000"]
[BlackElo "1358"]
[PlyCount "148"]
[EventDate "2020.??.??"]

1. d4 b6 2. e4 Bb7 3. Nc3 e6 4. Nf3 Bb4 5. Bd3 Nf6 6. Qe2 d5 7. exd5 Nxd5 8.
Bd2 Bxc3 9. Bxc3 Nxc3 10. bxc3 Nd7 11. O-O Qf6 12. Be4 Bxe4 13. Qxe4 O-O 14. c4
c5 15. d5 Rae8 16. d6 Qh6 17. Qc6 Nf6 18. d7 Rd8 19. Rad1 Qf4 20. Qd6 Qxc4 21.
Ne5 Qf4 22. g3 Qf5 23. Rfe1 Ne4 24. Qd3 Qxf2+ 25. Kh1 Nf6 26. Rf1 Qd4 27. Nc6
Qxd3 28. Rxd3 Rxd7 29. Rxd7 Nxd7 30. Ne7+ Kh8 31. Nc6 a6 32. Rd1 Nf6 33. Ne5
Ne4 34. Kg2 Nc3 35. Ra1 f6 36. Nc4 b5 37. Nd6 Kg8 38. Nb7 Rc8 39. a3 Rc7 40.
Na5 c4 41. Kf3 g5 42. Kg4 Kg7 43. h4 gxh4 44. Kxh4 Rc5 45. Nb7 Rg5 46. Rg1 Ne2
47. Rg2 Nf4 48. Rf2 Ng6+ 49. Kh3 Rf5 50. Re2 Rh5+ 51. Kg2 Rg5 52. Rxe6 Nf4+ 53.
Kf3 Nxe6 54. Nd6 Nd4+ 55. Ke4 Nxc2 56. Kf3 Nxa3 57. Ke2 c3 58. Kd1 Rxg3 59.
Nf5+ Kg6 60. Nxg3 h5 61. Nh1 f5 62. Nf2 Kg5 63. Nh1 f4 64. Nf2 h4 65. Ne4+ Kg4
66. Nxc3 h3 67. Ne2 h2 68. Kd2 h1=Q 69. Kd3 Qf3+ 70. Kd2 Nc4+ 71. Ke1 b4 72.
Kd1 b3 73. Ke1 b2 74. Kd1 b1=Q# 0-1

[Event "NW Regional Scholastic Championships"]
[Site "Chess.com"]
[Date "2020.05.16"]
[Round "?"]
[White "Stephenwilly"]
[Black "artemisbeam"]
[Result "1-0"]
[WhiteElo "1509"]
[BlackElo "1262"]
[PlyCount "99"]
[EventDate "2020.??.??"]

1. e4 c5 2. Nf3 d6 3. d4 cxd4 4. Nxd4 Nf6 5. Nc3 a6 6. a4 g6 7. Bc4 Bg7 8. Be3
O-O 9. Qd2 Nc6 10. Nxc6 bxc6 11. f3 c5 12. g4 Bb7 13. h4 h5 14. gxh5 Nxh5 15.
Be2 e5 16. Bg5 Qd7 17. f4 f6 18. Bxh5 gxh5 19. O-O-O fxg5 20. hxg5 Rxf4 21. Nd5
Rb8 22. Nxf4 exf4 23. Qxf4 Be5 24. Qxe5 dxe5 25. Rxd7 Bxe4 26. Rxh5 Rf8 27. b3
Rf7 28. Rh8+ Kg7 29. Rxf7+ Kxf7 30. Rc8 Kg6 31. Rxc5 Kxg5 32. Rxe5+ Bf5 33. Ra5
Kf4 34. Rxa6 Bc8 35. Rc6 Bb7 36. Rc7 Be4 37. Rc4 Ke5 38. Rxe4+ Kxe4 39. c4 Ke5
40. Kc2 Kd6 41. Kc3 Kc5 42. b4+ Kb6 43. a5+ Kb7 44. b5 Kb8 45. a6 Kc7 46. c5
Kb8 47. b6 Ka8 48. c6 Kb8 49. c7+ Ka8 50. c8=Q# 1-0

[Event "NW Regional Scholastic Championships"]
[Site "Chess.com"]
[Date "2020.05.16"]
[Round "?"]
[White "CarsonBay"]
[Black "artemisbeam"]
[Result "1-0"]
[WhiteElo "1658"]
[BlackElo "1262"]
[PlyCount "49"]
[EventDate "2020.??.??"]

1. e4 c5 2. Nf3 d6 3. d4 cxd4 4. Nxd4 Nf6 5. Nc3 g6 6. f3 Bg7 7. Be3 O-O 8. Qd2
Nc6 9. O-O-O a6 10. h4 Nxd4 11. Bxd4 Be6 12. g4 b5 13. h5 Bxg4 14. fxg4 Nxg4
15. Bxg7 Kxg7 16. hxg6 fxg6 17. Rh4 h5 18. Be2 Nf6 19. Rg1 Rh8 20. Qg5 Qe8 21.
Bxh5 Nxh5 22. Rxh5 Rh6 23. Rxh6 b4 24. Rxg6+ Kf7 25. Qf5# 1-0

[Event "NW Regional Scholastic Championships"]
[Site "Chess.com"]
[Date "2020.05.16"]
[Round "?"]
[White "hades1001"]
[Black "highwaypotter"]
[Result "0-1"]
[WhiteElo "1143"]
[BlackElo "800"]
[PlyCount "56"]
[EventDate "2020.??.??"]

1. e4 c5 2. Nf3 g6 3. d4 cxd4 4. Nxd4 Nc6 5. Nxc6 bxc6 6. Bc4 Bg7 7. Nc3 Qc7 8.
Qf3 Nf6 9. Bf4 d6 10. O-O-O Bg4 11. Qd3 Bxd1 12. Rxd1 Nd7 13. Bb3 Nc5 14. Qc4
Nxb3+ 15. Qxb3 O-O 16. h3 Rfb8 17. Qc4 Qb7 18. b3 a5 19. a4 Qb4 20. Qxb4 Rxb4
21. Ne2 c5 22. Bg3 c4 23. bxc4 Rxc4 24. Nf4 Rac8 25. Rd2 Bh6 26. Kd1 Rxe4 27.
Re2 Rxa4 28. Nd5 Ra1# 0-1

[Event "NW Regional Scholastic Championships"]
[Site "Chess.com"]
[Date "2020.05.16"]
[Round "?"]
[White "hades1001"]
[Black "mobister"]
[Result "1-0"]
[WhiteElo "1143"]
[BlackElo "1244"]
[PlyCount "53"]
[EventDate "2020.??.??"]

1. e4 e5 2. Nf3 Nc6 3. Bc4 Nf6 4. Nc3 Bc5 5. d3 d6 6. h3 O-O 7. Bg5 h6 8. Bh4
Bd7 9. Nd5 g5 10. Nxg5 hxg5 11. Bxg5 Bxf2+ 12. Kxf2 Nxe4+ 13. dxe4 Qxg5 14. Qg4
Bxg4 15. hxg4 Qxg4 16. Nf6+ Kg7 17. Nxg4 f5 18. exf5 Rxf5+ 19. Kg1 Raf8 20. Nh6
Rg5 21. Rf1 Rxf1+ 22. Kxf1 Nd8 23. Bd3 Ne6 24. Nf5+ Kg8 25. Ne7+ Kg7 26. Rh7+
Kf6 27. Nd5# 1-0

[Event "NW Regional Scholastic Championships"]
[Site "Chess.com"]
[Date "2020.05.16"]
[Round "?"]
[White "iamvoltu"]
[Black "TristanKuo"]
[Result "1-0"]
[WhiteElo "1519"]
[BlackElo "1084"]
[PlyCount "139"]
[EventDate "2020.??.??"]

1. b3 d5 2. Bb2 Nc6 3. e3 e5 4. Nf3 e4 5. Nd4 Nxd4 6. Bxd4 Nf6 7. c4 c6 8. Be2
Bd6 9. O-O O-O 10. f4 exf3 11. Bxf3 Qc7 12. g3 Bxg3 13. hxg3 Qxg3+ 14. Bg2 Bh3
15. Qf3 Qxf3 16. Rxf3 Bxg2 17. Kxg2 Ne4 18. d3 Ng5 19. Rg3 f6 20. Nd2 Rfe8 21.
Nf3 Nxf3 22. Kxf3 Re6 23. Rag1 g6 24. Ke2 a5 25. a4 Rb8 26. Rf1 Kf7 27. Rh3 h5
28. Rb1 b5 29. cxb5 cxb5 30. Rb2 bxa4 31. bxa4 Rxb2+ 32. Bxb2 Rb6 33. Bc3 Ra6
34. Rh1 Ke7 35. Rb1 h4 36. Kf3 f5 37. Rb5 Ke6 38. Rxa5 Rxa5 39. Bxa5 g5 40. Bd8
g4+ 41. Kg2 h3+ 42. Kh2 Kd7 43. Bg5 Ke6 44. a5 Kd7 45. Bf4 Kc6 46. Kg3 Kb5 47.
Kh4 Kxa5 48. Kg5 Kb4 49. Kxf5 Kc3 50. d4 Kc4 51. Kxg4 Kd3 52. Kxh3 Ke4 53. Kg4
Kd3 54. Kf5 Kc4 55. Ke5 Kb5 56. Kxd5 Kb6 57. Kd6 Kb7 58. Kd7 Kb6 59. e4 Kb7 60.
e5 Kb6 61. e6 Kb5 62. e7 Kc4 63. e8=Q Kxd4 64. Ke6 Kc5 65. Qd8 Kc6 66. Qd6+ Kb5
67. Kd5 Ka4 68. Qb8 Ka5 69. Kc5 Ka4 70. Qb4# 1-0

[Event "NW Regional Scholastic Championships"]
[Site "Chess.com"]
[Date "2020.05.16"]
[Round "?"]
[White "smallpal"]
[Black "TristanKuo"]
[Result "1-0"]
[WhiteElo "1330"]
[BlackElo "1084"]
[PlyCount "77"]
[EventDate "2020.??.??"]

1. e4 c5 2. Nf3 Nc6 3. Bb5 Nf6 4. Nc3 g6 5. h3 Bg7 6. e5 Ng8 7. d3 Nxe5 8. Bf4
Nxf3+ 9. Qxf3 Nf6 10. g4 O-O 11. O-O-O a6 12. Ba4 d6 13. g5 Nd7 14. Ne4 Qb6 15.
c3 Ne5 16. Bxe5 Bxe5 17. h4 d5 18. Nd2 Rd8 19. Bb3 Be6 20. h5 Rd6 21. Qe2 Bf4
22. hxg6 fxg6 23. Kc2 Bxg5 24. Rdg1 Bf6 25. Qh5 Bg7 26. Qxh7+ Kf7 27. Qxg6+ Kf8
28. Qxg7+ Ke8 29. Ba4+ Kd8 30. Rh8+ Kc7 31. Rxa8 Rd8 32. Qxe7+ Rd7 33. Bxd7
Bxd7 34. Qd8+ Kd6 35. Qxb6+ Bc6 36. Rd8+ Ke5 37. Qc7+ Kf5 38. Rf8+ Ke6 39. Rg6#
1-0

[Event "NW Regional Scholastic Championships"]
[Site "Chess.com"]
[Date "2020.05.16"]
[Round "?"]
[White "AbhaySankar12"]
[Black "TristanKuo"]
[Result "1-0"]
[WhiteElo "1345"]
[BlackElo "1084"]
[PlyCount "147"]
[EventDate "2020.??.??"]

1. d4 Nf6 2. c4 e6 3. Nc3 Bb4 4. e3 d5 5. cxd5 Nxd5 6. Qc2 O-O 7. Bd3 Nc6 8.
Nge2 Bd7 9. O-O Qe7 10. a3 Bd6 11. e4 Nxc3 12. Qxc3 Rfe8 13. e5 Nxd4 14. exd6
Nxe2+ 15. Bxe2 Qxd6 16. Rd1 Qc6 17. Qxc6 Bxc6 18. Be3 Kf8 19. Bc5+ Kg8 20. Bf3
Bxf3 21. gxf3 b6 22. Be3 Red8 23. Rd4 Kf8 24. Rad1 Ke7 25. Bg5+ f6 26. Be3 c5
27. Rxd8 Rxd8 28. Rxd8 Kxd8 29. Kf1 Kd7 30. Ke2 Kd6 31. Kd3 Kd5 32. b4 c4+ 33.
Kc3 e5 34. a4 f5 35. f4 e4 36. a5 bxa5 37. bxa5 a6 38. h4 h5 39. Bd2 Kc5 40.
Kc2 Kd4 41. Be3+ Kd5 42. Kc3 g6 43. Bd2 e3 44. Bxe3 Ke4 45. Kxc4 Kf3 46. Kc5
Kg4 47. Kb6 Kxh4 48. Kxa6 Kg4 49. Kb7 h4 50. a6 h3 51. a7 h2 52. a8=Q h1=Q+ 53.
Kb8 Qxa8+ 54. Kxa8 Kh5 55. Kb7 Kh6 56. Kc6 Kg7 57. Kd6 Kf6 58. Bd4+ Kf7 59. Ke5
Kg7 60. Ke6+ Kh6 61. Kf6 Kh7 62. Kg5 Kg8 63. Kxg6 Kf8 64. Kxf5 Kf7 65. Bc5 Kg7
66. Ke6 Kg8 67. f5 Kg7 68. f6+ Kg8 69. f7+ Kg7 70. f8=Q+ Kg6 71. Qf6+ Kh5 72.
Qg7 Kh4 73. Kf5 Kh3 74. Qg3# 1-0

[Event "NW Regional Scholastic Championships"]
[Site "Chess.com"]
[Date "2020.05.16"]
[Round "?"]
[White "EvenFreshCyclone"]
[Black "aronian22"]
[Result "0-1"]
[WhiteElo "1200"]
[BlackElo "1557"]
[PlyCount "102"]
[EventDate "2020.??.??"]

1. d4 Nf6 2. c4 g6 3. Nc3 Bg7 4. Bf4 O-O 5. e3 d6 6. Nf3 Bg4 7. Be2 Nbd7 8. O-O
Re8 9. h3 Bxf3 10. Bxf3 c6 11. Re1 e5 12. dxe5 Nxe5 13. Bxe5 Rxe5 14. e4 Qe7
15. Qc2 Re8 16. b4 d5 17. cxd5 cxd5 18. Re3 d4 19. Re2 dxc3 20. Qxc3 Nxe4 21.
Qc2 Nd6 22. Rxe5 Qxe5 23. Rf1 Qf4 24. Qa4 Be5 25. Rd1 Qh2+ 26. Kf1 Bd4 27.
Qxe8+ Nxe8 28. Rxd4 Qe5 29. Rd8 Qa1+ 30. Bd1 Kf8 31. g3 Qxa2 32. Kg2 Ke7 33.
Rd3 Nd6 34. Re3+ Kd7 35. Rd3 a5 36. bxa5 Qxa5 37. Bg4+ f5 38. Bf3 b5 39. Bb7
Kc7 40. Bf3 b4 41. Rd5 Qa3 42. Rc5+ Kd7 43. Bc6+ Ke6 44. Bd5+ Kf6 45. Rc6 Ke5
46. Rc5 b3 47. Bxb3+ Qxc5 48. Bc2 Qxc2 49. h4 Ne4 50. Kh3 Qxf2 51. g4 Qg3# 0-1

[Event "NW Regional Scholastic Championships"]
[Site "Chess.com"]
[Date "2020.05.16"]
[Round "?"]
[White "EvenFreshCyclone"]
[Black "artistqueen"]
[Result "0-1"]
[WhiteElo "1200"]
[BlackElo "1522"]
[PlyCount "134"]
[EventDate "2020.??.??"]

1. d4 d5 2. c4 e6 3. Nc3 Be7 4. Bf4 Nf6 5. e3 O-O 6. Nf3 Nbd7 7. Nb5 Bb4+ 8.
Nd2 Ba5 9. cxd5 Nxd5 10. Be5 Nxe5 11. dxe5 a6 12. Nd4 c5 13. N4f3 b6 14. Bd3
Nxe3 15. fxe3 Qxd3 16. Qb3 Qxb3 17. axb3 Bb7 18. O-O f6 19. exf6 Rxf6 20. Nc4
Bb4 21. Nd6 Bd5 22. Nc4 b5 23. Nb6 Rd8 24. Nxd5 exd5 25. Ra2 Re8 26. Kf2 g5 27.
h3 h6 28. Rfa1 a5 29. Rd1 d4 30. exd4 cxd4 31. Rxd4 Bc5 32. Kg3 Bxd4 33. Nxd4
Re3+ 34. Kh2 a4 35. bxa4 bxa4 36. Rxa4 Re4 37. Ra8+ Kg7 38. Nf3 Re2 39. Ra7+
Kg6 40. Nd4 Rxb2 41. Ra8 Rff2 42. Kg1 Rxg2+ 43. Kh1 Rgd2 44. Nf3 Rd1+ 45. Ng1
Rbb1 46. Ra6+ Kh5 47. h4 Rxg1+ 48. Kh2 Rgc1 49. hxg5 Rb2+ 50. Kg3 Rc3+ 51. Kf4
Rb4+ 52. Ke5 hxg5 53. Kd5 g4 54. Ra7 Rb6 55. Ra5 Kh4 56. Ra4 Rb1 57. Rd4 Rb5+
58. Kd6 Rcc5 59. Ke6 Re5+ 60. Kf6 Rf5+ 61. Kg6 Rg5+ 62. Kf6 Rb6+ 63. Kf7 Kh5
64. Rd8 Rgg6 65. Rd5+ Kh6 66. Ke8 Rb7 67. Rb5 Rg8# 0-1

[Event "NW Regional Scholastic Championships"]
[Site "Chess.com"]
[Date "2020.05.16"]
[Round "?"]
[White "EvenFreshCyclone"]
[Black "BentonT"]
[Result "0-1"]
[WhiteElo "1200"]
[BlackElo "1058"]
[PlyCount "148"]
[EventDate "2020.??.??"]

1. d4 e6 2. c4 d5 3. Nc3 Nf6 4. Bg5 Be7 5. Nf3 O-O 6. e3 Ne4 7. Nxe4 dxe4 8.
Bxe7 Qxe7 9. Nd2 Rd8 10. Nxe4 b6 11. Bd3 c5 12. dxc5 bxc5 13. O-O Bb7 14. Qc2
Nc6 15. Ng3 Nb4 16. Bxh7+ Kf8 17. Qb1 g6 18. Bxg6 fxg6 19. Qxg6 Qf7 20. Qh6+
Qg7 21. Qxe6 Re8 22. Qf5+ Qf7 23. Qxc5+ Qe7 24. Qxe7+ Rxe7 25. a3 Nd3 26. b4
Ne5 27. c5 Ba6 28. Rfd1 Nc6 29. Rab1 Rb8 30. Rd6 Rc8 31. b5 Bxb5 32. Rxb5 Ne5
33. Rf6+ Ke8 34. h3 Rec7 35. Re6+ Re7 36. Rxe7+ Kxe7 37. h4 a6 38. Rb7+ Nd7 39.
Nf5+ Kd8 40. Rxd7+ Kxd7 41. g4 Rxc5 42. h5 Ke6 43. Kg2 Kf6 44. h6 Kg6 45. e4
Re5 46. Nd6 Re6 47. Nf5 Rxe4 48. f3 Ra4 49. Kg3 Rxa3 50. Kf2 Rb3 51. Kg3 a5 52.
Kf2 a4 53. Ke2 a3 54. Nd4 Rb2+ 55. Kd1 a2 56. Nc2 Rxc2 57. Kxc2 a1=Q 58. f4
Qa4+ 59. Kd3 Qxf4 60. g5 Qxg5 61. h7 Kxh7 62. Ke2 Kg6 63. Kf1 Qe3 64. Kg2 Kg5
65. Kh1 Kg4 66. Kg2 Qf3+ 67. Kg1 Kh4 68. Kh2 Qg3+ 69. Kh1 Qg4 70. Kh2 Qe4 71.
Kg1 Kg3 72. Kf1 Qe5 73. Kg1 Qe2 74. Kh1 Qg2# 0-1

[Event "NW Regional Scholastic Championships"]
[Site "Chess.com"]
[Date "2020.05.16"]
[Round "?"]
[White "smallpal"]
[Black "PineappleEto"]
[Result "0-1"]
[WhiteElo "1330"]
[BlackElo "880"]
[PlyCount "58"]
[EventDate "2020.??.??"]

1. e4 e5 2. Nf3 Nc6 3. Bc4 Nf6 4. Ng5 d5 5. exd5 b5 6. Bb3 Nxd5 7. Qf3 Be6 8.
Nc3 Ncb4 9. a3 Qxg5 10. axb4 c6 11. d3 Qd8 12. Bd2 Bxb4 13. Nxd5 Bxd2+ 14. Kxd2
Bxd5 15. Qg3 O-O 16. Bxd5 Qxd5 17. Qe3 a6 18. h4 f6 19. Rh3 g6 20. h5 Qxg2 21.
Rg3 Qd5 22. Qh6 g5 23. Rf1 Rae8 24. f4 exf4 25. Rxf4 Qe5 26. Re4 Qxg3 27. Rxe8
Rxe8 28. Kc3 Re6 29. Kb3 a5 0-1

[Event "NW Regional Scholastic Championships"]
[Site "Chess.com"]
[Date "2020.05.16"]
[Round "?"]
[White "PineappleEto"]
[Black "poocoolpro"]
[Result "0-1"]
[WhiteElo "880"]
[BlackElo "1614"]
[PlyCount "106"]
[EventDate "2020.??.??"]

1. f4 Nf6 2. Nf3 g6 3. e3 Bg7 4. d4 O-O 5. Bd3 d6 6. O-O Nbd7 7. Bd2 c6 8. Be1
Qc7 9. h3 e5 10. c3 e4 11. Ng5 exd3 12. Qxd3 d5 13. Bh4 Ne4 14. Nxe4 dxe4 15.
Qxe4 Nf6 16. Qd3 Bf5 17. Qe2 Rae8 18. Nd2 Nd5 19. e4 Nxf4 20. Qf3 Bxe4 21. Nxe4
Nd5 22. Bg3 Qe7 23. Bd6 Qxe4 24. Qxe4 Rxe4 25. Bxf8 Kxf8 26. Rad1 Ne3 27. Rfe1
Nxd1 28. Rxe4 Nxb2 29. Kf2 f5 30. Re2 Nc4 31. Kf3 Kf7 32. Kf4 Nd6 33. Kg5 Ne4+
34. Kf4 Nxc3 35. Rb2 b5 36. a3 Bxd4 37. Rb4 c5 38. Rb3 a5 39. a4 c4 40. Rb2 b4
41. Rd2 Ke6 42. Rxd4 Ne2+ 43. Ke3 Nxd4 44. Kxd4 c3 45. Kd3 Ke5 46. Kc2 h5 47.
h4 Kf4 48. Kb3 Kg3 49. Kc2 Kxh4 50. Kb3 Kg3 51. Kc2 Kxg2 52. Kb3 h4 53. Kc2 h3
0-1

[Event "NW Regional Scholastic Championships"]
[Site "Chess.com"]
[Date "2020.05.16"]
[Round "?"]
[White "routraydinesh"]
[Black "PineappleEto"]
[Result "0-1"]
[WhiteElo "1376"]
[BlackElo "880"]
[PlyCount "48"]
[EventDate "2020.??.??"]

1. c4 f5 2. Nc3 Nf6 3. e3 e6 4. d4 c6 5. Nf3 d5 6. Be2 Bd6 7. O-O O-O 8. a3 Qc7
9. b4 b6 10. c5 bxc5 11. bxc5 Be7 12. Ne5 Ne4 13. Nxe4 fxe4 14. f3 Bd7 15. fxe4
dxe4 16. Qc2 Bf6 17. Nxd7 Nxd7 18. Qxe4 e5 19. Bc4+ Kh8 20. Bd3 g6 21. Rf3 Qa5
22. Rh3 Qe1+ 23. Bf1 Bg5 24. Bb2 Rxf1# 0-1

[Event "NW Regional Scholastic Championships"]
[Site "Chess.com"]
[Date "2020.05.16"]
[Round "?"]
[White "PineappleEto"]
[Black "mjcaramel"]
[Result "0-1"]
[WhiteElo "880"]
[BlackElo "1193"]
[PlyCount "50"]
[EventDate "2020.??.??"]

1. f4 d5 2. Nf3 Bg4 3. e3 Nf6 4. d4 Bxf3 5. Qxf3 Nbd7 6. Bd3 e6 7. O-O c5 8. c3
Be7 9. Nd2 Rc8 10. Qf2 Qb6 11. Nf3 Qc7 12. Ne5 O-O 13. b3 Ne4 14. Qf3 f5 15.
Bd2 Nxd2 16. Qh5 Nf6 17. Qh4 cxd4 18. Rfd1 dxc3 19. Rac1 Bd6 20. Rxd2 cxd2 21.
Rxc7 d1=Q+ 22. Bf1 Rxc7 23. g4 Bxe5 24. fxe5 Qxg4+ 25. Qxg4 Nxg4 0-1

[Event "NW Regional Scholastic Championships"]
[Site "Chess.com"]
[Date "2020.05.16"]
[Round "?"]
[White "Tanneywanney25"]
[Black "PineappleEto"]
[Result "1-0"]
[WhiteElo "800"]
[BlackElo "880"]
[PlyCount "81"]
[EventDate "2020.??.??"]

1. d4 d5 2. c4 Nf6 3. cxd5 Nxd5 4. e4 Nf6 5. Nc3 Nc6 6. d5 Ne5 7. Bf4 Qd6 8.
Bxe5 Qxe5 9. Nf3 Qd6 10. e5 Qb4 11. exf6 gxf6 12. Qa4+ Qxa4 13. Nxa4 e5 14.
dxe6 fxe6 15. Nc3 Bb4 16. a3 Ba5 17. Bc4 O-O 18. O-O Kh8 19. b4 Bb6 20. Na4 e5
21. Nxb6 axb6 22. Rfe1 c6 23. h3 b5 24. Bb3 b6 25. a4 bxa4 26. Rxa4 Rxa4 27.
Bxa4 Rg8 28. Bxc6 Bxh3 29. g3 h5 30. Kh2 Bg4 31. Nd2 Rd8 32. Ne4 Bf3 33. b5 h4
34. Re3 hxg3+ 35. Kxg3 Bh1 36. Nxf6 Bxc6 37. bxc6 Rd6 38. Rxe5 Rxf6 39. c7 Rf8
40. Rd5 Rc8 41. Rd8+ 1-0

[Event "NW Regional Scholastic Championships"]
[Site "Chess.com"]
[Date "2020.05.16"]
[Round "?"]
[White "HQrockstarpra"]
[Black "ChessMasterGS"]
[Result "1-0"]
[WhiteElo "1200"]
[BlackElo "1358"]
[PlyCount "87"]
[EventDate "2020.??.??"]

1. e4 c5 2. Nf3 Nc6 3. d4 cxd4 4. Nxd4 e6 5. Be3 Nf6 6. Nc3 Bb4 7. Nxc6 bxc6 8.
Bd3 d5 9. exd5 Nxd5 10. Bd2 Bxc3 11. Bxc3 Nxc3 12. bxc3 Qf6 13. Qd2 O-O 14. O-O
Rd8 15. Rad1 Bb7 16. Rfe1 Rd5 17. c4 Rg5 18. Qe3 c5 19. g3 Qh6 20. h4 f6 21.
Qxe6+ Kf8 22. Qe7+ Kg8 23. Qxb7 Rf8 24. hxg5 Qxg5 25. Qd5+ Kh8 26. Qxg5 fxg5
27. Rd2 h5 28. Rde2 Kg8 29. Re8 Kf7 30. Rxf8+ Kxf8 31. Rb1 h4 32. gxh4 gxh4 33.
Rb8+ Kf7 34. Rb7+ Kf6 35. Rxa7 h3 36. Kh2 Kg5 37. Rxg7+ Kh4 38. a4 Kh5 39. a5
Kh4 40. a6 Kh5 41. a7 Kh6 42. Rg3 Kh5 43. a8=Q Kh4 44. Qh8# 1-0

[Event "NW Regional Scholastic Championships"]
[Site "Chess.com"]
[Date "2020.05.16"]
[Round "?"]
[White "orange78"]
[Black "HQrockstarpra"]
[Result "1-0"]
[WhiteElo "999"]
[BlackElo "1200"]
[PlyCount "139"]
[EventDate "2020.??.??"]

1. e4 e5 2. Nf3 Nc6 3. Bc4 Bc5 4. c3 Nf6 5. d4 exd4 6. cxd4 Bb4+ 7. Bd2 Bxd2+
8. Nbxd2 O-O 9. O-O a6 10. Rc1 b5 11. Bb3 d6 12. Rxc6 Bb7 13. Rc3 Nxe4 14. Nxe4
Bxe4 15. Re1 Bxf3 16. Qxf3 Qf6 17. Qxf6 gxf6 18. Rxc7 Rfe8 19. Rxe8+ Rxe8 20.
h3 Re2 21. Rc6 Rxb2 22. Rxa6 Rd2 23. Rxd6 Kg7 24. Rd7 Kg6 25. Bxf7+ Kg7 26.
Bc4+ Kg6 27. Bxb5 Rxa2 28. d5 Ra1+ 29. Kh2 Ra2 30. Kg3 Ra3+ 31. Kg4 Rb3 32. Bc4
Rb4 33. Rd6 Rxc4+ 34. Kg3 Rc3+ 35. f3 Rc4 36. Rd8 f5 37. d6 f4+ 38. Kg4 Rd4 39.
d7 h5+ 40. Kh4 Rd6 41. Rg8+ Kh6 42. d8=Q Rxd8 43. Rxd8 Kg6 44. Rd6+ Kf5 45.
Kxh5 Ke5 46. Ra6 Kf5 47. Kh6 Ke5 48. Kg7 Kf5 49. Ra4 Kg5 50. Kf7 Kh4 51. Rxf4+
Kg3 52. Rg4+ Kh2 53. Ra4 Kxg2 54. Kf6 Kxf3 55. Kf5 Kg3 56. Rb4 Kxh3 57. Kg5 Kh2
58. Rb3 Kg2 59. Kf4 Kh2 60. Kg4 Kg2 61. Rb2+ Kf1 62. Kf3 Ke1 63. Ra2 Kd1 64.
Rh2 Kc1 65. Ke3 Kb1 66. Kd3 Kc1 67. Rg2 Kb1 68. Kc3 Ka1 69. Kb3 Kb1 70. Rg1#
1-0